Szczegóły MARC21

Człowiek w obliczu wykluczenia i marginalizacji społecznej : wokół zagadnień teoretycznych /

003 -Nazwa inst., której nr kontr. jest w polu 001 [,]
    • @
    • Nazwa instytucji, której n kontrolny jest w polu 001
    • NUKAT
005 -DATA I CZAS OSTATNIEJ MODYFIKACJI [,]
    • @
    • pole kontrolne
    • 20241231111502.0
020 -Międzynarod. znormalizowany nr książki - ISBN [ , ]
    • a
    • Numer ISBN
    • 8389163195 Find
040 -Instytucja sporządzająca opis [ , ]
    • a
    • Instytucja, która sporządziła opis (NP)
    • TOR U/PDJR
    • c
    • Instytucja, która sporządziła rekord (NP)
    • TOR U/PDJR
    • d
    • Instytucja, która zmodyfikowała rekord (P)
    • TOR U/AP
    • d
    • Instytucja, która zmodyfikowała rekord (P)
    • TOR U/GKs
    • d
    • Instytucja, która zmodyfikowała rekord (P)
    • WA M/ES
    • d
    • Instytucja, która zmodyfikowała rekord (P)
    • Ł U/RRs
942 -Rodzaj dokumentu [ , ]
    • c
    • Rodzaj dokumentu
    • Książka
245 -Strefa tytułu i oznaczenia odpowiedzialności [0,0]
    • a
    • Tytuł
    • Człowiek w obliczu wykluczenia i marginalizacji społecznej : Find
    • b
    • Ciąg dalszy tytułu (NP)
    • wokół zagadnień teoretycznych / Find
    • c
    • Pozostałe elementy strefy tytułu i oznaczenia odpowiedzialności (NP)
    • red. nauk. Katarzyna Białobrzeska, Stanisław Kawula.
260 -Strefa adresu wydawniczego [ , ]
    • a
    • Miejsce wydania (P)
    • Toruń :
    • b
    • Nazwa wydawcy (P)
    • Wydawnictwo Edukacyjne "Akapit",
    • c
    • Data wydania (P)
    • 2006.
300 -Strefa opisu fizycznego [ , ]
    • a
    • Określenie formy książki i/lub objętość (NP)
    • 257 s. :
    • b
    • Oznaczenie ilustracji (NP)
    • il. ;
    • c
    • Format (NP)
    • 24 cm.
336 -Typ zawartości [ , ]
    • a
    • Termin opisujący typ zawartości
    • Tekst
    • b
    • Kod określający zawartość
    • txt
    • 2
    • Źródło (terminu i kodu)
    • rdacontent
337 -Typ mediów [ , ]
    • a
    • Tryb odtwarzania
    • Bez urządzenia pośredniczącego
    • b
    • Kod typu mediów
    • n
    • 2
    • Źródło (terminu i kodu)
    • rdamedia
338 -Typ/rodzaj nośnika [ , ]
    • a
    • Hasło opisujące typ nośnika
    • Wolumin
    • b
    • Kod typu nośnika
    • nc
    • 2
    • Źródło (terminu i kodu)
    • rdacarrier
490 -Strefa serii i książki wielotomowej - forma nie do wyszukiwania [1, ]
    • a
    • Tytuł (P)
    • Seria Wydawnicza Problemy Pracy Socjalnej Find
830 -Hasło dodatkowe serii i opisu książki wielotomowej - tytuł ujednolicony/tytuł [ ,0]
    • a
    • Tytuł ujednolicony/tytuł (NP)
    • Problemy Pracy Socjalnej
    • 9
    • KHW
    • 19532
500 -Uwaga ogólna [ , ]
    • a
    • Uwaga ogólna (NP)
    • Pokłosie konferencji naukowej zorganizowanej przez Katedrę Pedagogiki Społecznej Wydziału Nauk Społecznych i Sztuki Uniwersytetu Warmińsko-Mazurskiego, która odbyła się w dn. 15-16 września 2005 r. w Olsztynie.
504 -Uwaga dot. bibliogr. załącznikowej [ , ]
    • a
    • Uwaga dot. bibliografii załącznikowej
    • Bibliogr. przy rozdz.
080 -Uniwersalna Klasyfikacja Dziesiętna [ , ]
    • 2
    • Identyfikator wydania tablic
    • UDC-P058
    • a
    • Symbol klasyfikacji
    • 316.344-057.19
    • b
    • Dopowiedzenie
    • Bezrobotni.
080 -Uniwersalna Klasyfikacja Dziesiętna [ , ]
    • 2
    • Identyfikator wydania tablic
    • UDC-P058
    • a
    • Symbol klasyfikacji
    • 316.344-058.51
    • b
    • Dopowiedzenie
    • Żebracy. Bezdomni.
080 -Uniwersalna Klasyfikacja Dziesiętna [ , ]
    • 2
    • Identyfikator wydania tablic
    • UDC-P058
    • a
    • Symbol klasyfikacji
    • 364.6
    • b
    • Dopowiedzenie
    • Problemy społeczne wymagające pomocy społecznej. Deprawacja społeczna. Marginalizacja społeczna. Równość szans. Problemy zdrowia psychicznego. Problemy emocjonalne. Izolacja społeczna. Rozpad społeczny. Bezpieczeństwo socjalne. Ubóstwo. Zadłużenie. Szanse edukacyjne. Warunki mieszkaniowe. Problemy opieki zdrowotnej.
650 -Hasło przedmiotowe [ ,7]
    • a
    • Hasło przedmiotowe
    • Marginalizacja
    • v
    • Określnik formalny
    • konferencje.
    • 2
    • Źródło terminu
    • kaba
    • 9
    • KHW
    • 521334
650 -Hasło przedmiotowe [ ,7]
    • a
    • Hasło przedmiotowe
    • Nierówność społeczna
    • v
    • Określnik formalny
    • konferencje.
    • 2
    • Źródło terminu
    • kaba
    • 9
    • KHW
    • 714367
650 -Hasło przedmiotowe [ ,7]
    • a
    • Hasło przedmiotowe
    • Wykluczenie społeczne
    • v
    • Określnik formalny
    • konferencje.
    • 2
    • Źródło terminu
    • kaba
    • 9
    • KHW
    • 390418
980 -Symbol UKD [ , ]
    • a
    • UKD
    • 316.344]-057.19-058.51:364.6
700 -Hasło dodatkowe - nazwa osobowa [1, ]
    • a
    • Nazwa osobowa (NP)
    • Białobrzeska, Katarzyna. Find
    • e
    • Określenie rodzaju współpracy
    • Red.
    • 9
    • KHW
    • 417724
700 -Hasło dodatkowe - nazwa osobowa [1, ]
    • a
    • Nazwa osobowa (NP)
    • Kawula, Stanisław Find
    • d
    • Daty biograficzne (NP)
    • (1939-2014).
    • e
    • Określenie rodzaju współpracy
    • Red.
    • 9
    • KHW
    • 41514
710 -Hasło dodatkowe - nazwa ciała zbiorowego [2, ]
    • a
    • Nazwa ciała zbiorowego lub nazwa geograficzna jako pierwszy element (NP)
    • Wydawnictwo Edukacyjne "Akapit".
    • 4
    • Kod relacji
    • pbl
    • 9
    • KHW
    • 53310
920 -ISBN [ , ]
    • a
    • ISBN
    • 83-89163-19-5 Find
Lokalizacja Data inwentaryzacji Status udost. Numer inwentarzowy
BG2008-04-21-2Pd.19249
BG2008-04-211Pd.19248